[Event "DVM U12 2023"]
[Site "Magdeburg GER"]
[Date "2023.12.27"]
[Round "2"]
[White "Maier, Kalle"]
[Black "Li, Joshua"]
[Result "0-1"]
[Termination "normal"]
[Board "7.2"]
[WhiteElo "1436"]
[BlackElo "1368"]
[WhiteClock "00:07:19"]
[BlackClock "01:04:22"]
[WhiteTeam "Karlsruher SF 1853"]
[BlackTeam "USG Chemnitz"]
[PlyCount "92"]
[WhiteFideId "34669604"]
[BlackFideId "34623639"]
[EventCountry "GER"]
[EventRounds "7"]
[EventType "team-swiss"]
[EventDate "2023.12.26"]

1. e4 {[%clk 01:30:55]} {[%emt 00:00:03]} c5 {[%clk 01:30:59]} {[%emt
00:00:02]} 2. Nf3 {[%clk 01:31:16]} {[%emt 00:00:09]} e6 {[%clk 01:31:26]}
{[%emt 00:00:04]} 3. d4 {[%clk 01:31:28]} {[%emt 00:00:18]} cxd4 {[%clk
01:31:51]} {[%emt 00:00:05]} 4. Nxd4 {[%clk 01:31:54]} {[%emt 00:00:05]} Nf6
{[%clk 01:32:17]} {[%emt 00:00:03]} 5. Nc3 {[%clk 01:32:06]} {[%emt 00:00:18]}
Nc6 {[%clk 01:32:40]} {[%emt 00:00:07]} 6. Ndb5 {[%clk 01:31:39]} {[%emt
00:00:57]} d6 {[%clk 01:32:45]} {[%emt 00:00:26]} 7. Bd3 {[%clk 01:29:01]}
{[%emt 00:03:07]} a6 {[%clk 01:31:20]} {[%emt 00:01:55]} 8. Na3 {[%clk
01:28:24]} {[%emt 00:01:07]} Be7 {[%clk 01:30:47]} {[%emt 00:01:03]} 9. O-O
{[%clk 01:26:36]} {[%emt 00:02:18]} O-O {[%clk 01:31:09]} {[%emt 00:00:08]} 10.
Bg5 {[%clk 01:22:37]} {[%emt 00:04:29]} h6 {[%clk 01:24:11]} {[%emt 00:07:28]}
11. Bxf6 {[%clk 01:20:40]} {[%emt 00:02:27]} Bxf6 {[%clk 01:21:55]} {[%emt
00:02:46]} 12. Rb1 {[%clk 01:14:23]} {[%emt 00:06:46]} Qa5 {[%clk 01:17:38]}
{[%emt 00:04:45]} 13. Nc4 {[%clk 01:09:27]} {[%emt 00:05:28]} Qc7 {[%emt
00:11:04]} 14. Qd2 {[%clk 00:59:16]} {[%emt 00:03:44]} Ne5 {[%clk 01:11:39]}
{[%emt 00:02:53]} 15. Nxe5 {[%clk 00:56:25]} {[%emt 00:03:21]} Bxe5 {[%clk
01:11:41]} {[%emt 00:00:28]} 16. Nd1 {[%clk 00:51:32]} {[%emt 00:05:21]} d5
{[%clk 01:10:45]} {[%emt 00:01:29]} 17. Kh1 {[%clk 00:46:32]} {[%emt 00:05:29]}
Rd8 {[%clk 01:06:31]} {[%emt 00:04:44]} 18. Nc3 {[%clk 00:34:52]} {[%emt
00:12:10]} b5 {[%clk 01:04:42]} {[%emt 00:02:20]} 19. a3 {[%clk 00:32:43]}
{[%emt 00:02:39]} Bb7 {[%clk 01:05:00]} {[%emt 00:00:12]} 20. exd5 {[%clk
00:30:53]} {[%emt 00:02:19]} exd5 {[%clk 01:04:35]} {[%emt 00:00:55]} 21. f4
{[%clk 00:24:12]} {[%emt 00:07:11]} Bf6 {[%clk 01:03:36]} {[%emt 00:01:30]} 22.
Bf5 {[%clk 00:20:22]} {[%emt 00:04:19]} Qc5 {[%clk 01:01:27]} {[%emt 00:02:40]}
23. Qd3 {[%clk 00:17:53]} {[%emt 00:02:59]} d4 {[%clk 01:00:58]} {[%emt
00:00:58]} 24. Bh7+ {[%clk 00:11:25]} {[%emt 00:06:58]} Kh8 {[%clk 01:00:12]}
{[%emt 00:01:16]} 25. Ne4 {[%clk 00:10:47]} {[%emt 00:01:09]} Qd5 {[%clk
00:59:36]} {[%emt 00:01:05]} 26. Rf2 {[%clk 00:08:16]} {[%emt 00:03:02]} Bh4
{[%clk 00:59:19]} {[%emt 00:00:47]} 27. Nf6 {[%clk 00:04:11]} {[%emt 00:04:34]}
Bxf6 {[%clk 00:59:14]} {[%emt 00:00:34]} 28. Be4 {[%clk 00:04:06]} {[%emt
00:00:36]} Qxe4 {[%clk 00:59:35]} {[%emt 00:00:09]} 29. Qxe4 {[%clk 00:04:29]}
{[%emt 00:00:07]} Bxe4 {[%clk 01:00:02]} {[%emt 00:00:04]} 30. Re2 {[%clk
00:04:41]} {[%emt 00:00:18]} Re8 {[%clk 01:00:05]} {[%emt 00:00:26]} 31. Rbe1
{[%clk 00:04:12]} {[%emt 00:00:59]} Bc6 {[%clk 01:00:28]} {[%emt 00:00:07]} 32.
a4 {[%clk 00:04:06]} {[%emt 00:00:37]} Rxe2 {[%clk 01:00:41]} {[%emt 00:00:18]}
33. Rxe2 {[%clk 00:04:31]} {[%emt 00:00:04]} Re8 {[%clk 01:01:06]} {[%emt
00:00:05]} 34. Rxe8+ {[%clk 00:04:54]} {[%emt 00:00:07]} Bxe8 {[%clk 01:01:30]}
{[%emt 00:00:05]} 35. axb5 {[%clk 00:05:16]} {[%emt 00:00:08]} axb5 {[%clk
01:01:52]} {[%emt 00:00:08]} 36. b4 {[%clk 00:05:30]} {[%emt 00:00:15]} Be7
{[%clk 01:02:10]} {[%emt 00:00:12]} 37. g4 {[%clk 00:05:44]} {[%emt 00:00:17]}
Bxb4 {[%clk 01:02:07]} {[%emt 00:00:34]} 38. h4 {[%clk 00:06:00]} {[%emt
00:00:14]} Bc5 {[%clk 01:02:05]} {[%emt 00:00:31]} 39. g5 {[%clk 00:06:09]}
{[%emt 00:00:21]} b4 {[%clk 01:02:27]} {[%emt 00:00:08]} 40. g6 {[%clk
00:06:25]} {[%emt 00:00:14]} b3 {[%clk 01:02:44]} {[%emt 00:00:13]} 41. cxb3
{[%emt 00:00:18]} d3 {[%clk 01:03:01]} {[%emt 00:00:13]} 42. f5 {[%clk
00:06:36]} {[%emt 00:00:31]} d2 {[%clk 01:03:14]} {[%emt 00:00:16]} 43. f6
{[%clk 00:06:33]} {[%emt 00:00:33]} d1=Q+ {[%clk 01:03:37]} {[%emt 00:00:07]}
44. Kg2 {[%clk 00:06:54]} {[%emt 00:00:09]} Bc6+ {[%clk 01:04:00]} {[%emt
00:00:08]} 45. Kg3 {[%clk 00:07:08]} {[%emt 00:00:16]} Qf3+ {[%clk 01:04:22]}
{[%emt 00:00:07]} 46. Kh2 {[%clk 00:07:19]} {[%emt 00:00:17]} Qg2# {[%emt
00:00:08]} 0-1

[Event "DVM U12 2023"]
[Site "Magdeburg GER"]
[Date "2023.12.27"]
[Round "2"]
[White "Uhlig, Silas"]
[Black "Müller, Maximilian"]
[Result "1-0"]
[Termination "normal"]
[Board "7.3"]
[WhiteElo "1443"]
[BlackElo "1250"]
[WhiteClock "01:14:48"]
[BlackClock "00:27:25"]
[WhiteTeam "USG Chemnitz"]
[BlackTeam "Karlsruher SF 1853"]
[PlyCount "79"]
[WhiteFideId "34651837"]
[BlackFideId "34640282"]
[EventCountry "GER"]
[EventRounds "7"]
[EventType "team-swiss"]
[EventDate "2023.12.26"]

1. e4 {[%clk 01:30:58]} c6 {[%clk 01:31:25]} {[%emt 00:00:08]} 2. d4 {[%clk
01:31:52]} {[%emt 00:00:04]} d5 {[%clk 01:31:51]} {[%emt 00:00:05]} 3. Nc3
{[%clk 01:32:08]} {[%emt 00:00:14]} dxe4 {[%clk 01:32:04]} {[%emt 00:00:16]} 4.
Nxe4 {[%clk 01:32:35]} {[%emt 00:00:03]} Bf5 {[%clk 01:32:19]} {[%emt
00:00:15]} 5. Ng3 {[%clk 01:32:53]} {[%emt 00:00:12]} Bg6 {[%clk 01:32:35]}
{[%emt 00:00:15]} 6. Nf3 {[%clk 01:33:10]} {[%emt 00:00:13]} Nf6 {[%clk
01:32:49]} {[%emt 00:00:16]} 7. h4 {[%clk 01:33:18]} {[%emt 00:00:22]} h6
{[%clk 01:33:08]} {[%emt 00:00:10]} 8. Bd3 {[%clk 01:33:26]} {[%emt 00:00:22]}
Bxd3 {[%clk 01:33:21]} {[%emt 00:00:17]} 9. Qxd3 {[%clk 01:33:53]} {[%emt
00:00:03]} e6 {[%clk 01:33:40]} {[%emt 00:00:12]} 10. Bd2 {[%clk 01:34:00]}
{[%emt 00:00:23]} Nbd7 {[%clk 01:33:21]} {[%emt 00:00:49]} 11. O-O-O {[%clk
01:34:06]} {[%emt 00:00:24]} Bd6 {[%clk 01:32:49]} {[%emt 00:01:02]} 12. Rde1
{[%clk 01:33:40]} {[%emt 00:00:54]} Qc7 {[%clk 01:31:55]} {[%emt 00:01:25]} 13.
Nf5 {[%clk 01:33:04]} {[%emt 00:01:05]} Kf8 {[%clk 01:27:30]} {[%emt 00:04:56]}
14. Nxd6 {[%clk 01:32:53]} {[%emt 00:00:41]} Qxd6 {[%clk 01:27:46]} {[%emt
00:00:14]} 15. Qb3 {[%clk 01:31:53]} {[%emt 00:01:27]} Qc7 {[%clk 01:26:54]}
{[%emt 00:01:25]} 16. Ne5 {[%clk 01:29:04]} {[%emt 00:03:19]} a5 {[%clk
01:17:47]} {[%emt 00:09:37]} 17. Bf4 {[%clk 01:29:07]} {[%emt 00:00:25]} Qb6
{[%clk 01:10:52]} {[%emt 00:07:28]} 18. Qd3 {[%clk 01:27:03]} {[%emt 00:02:33]}
a4 {[%clk 01:03:47]} {[%emt 00:07:35]} 19. Nc4 {[%clk 01:25:39]} {[%emt
00:01:53]} Qd8 {[%clk 01:00:23]} {[%emt 00:03:55]} 20. Bd6+ {[%clk 01:25:04]}
{[%emt 00:01:05]} Kg8 {[%clk 00:59:43]} {[%emt 00:01:11]} 21. f4 {[%clk
01:21:33]} {[%emt 00:04:01]} Nb6 {[%clk 00:55:28]} {[%emt 00:04:46]} 22. Be5
{[%clk 01:20:48]} {[%emt 00:01:15]} Nxc4 {[%clk 00:54:22]} {[%emt 00:01:35]}
23. Qxc4 {[%clk 01:20:58]} {[%emt 00:00:20]} Ng4 {[%clk 00:53:11]} {[%emt
00:01:42]} 24. Rhg1 {[%clk 01:20:25]} {[%emt 00:01:02]} Nxe5 {[%clk 00:53:02]}
{[%emt 00:00:39]} 25. dxe5 {[%clk 01:20:41]} {[%emt 00:00:14]} Qxh4 {[%clk
00:52:52]} {[%emt 00:00:41]} 26. g3 {[%clk 01:20:48]} {[%emt 00:00:23]} Qe7
{[%clk 00:52:49]} {[%emt 00:00:33]} 27. Re2 {[%clk 01:20:42]} {[%emt 00:00:35]}
Kh7 {[%clk 00:49:10]} {[%emt 00:04:09]} 28. Qe4+ {[%clk 01:20:39]} {[%emt
00:00:32]} g6 {[%clk 00:48:36]} {[%emt 00:01:06]} 29. Rh1 {[%clk 01:20:47]}
{[%emt 00:00:21]} a3 {[%clk 00:45:44]} {[%emt 00:03:23]} 30. b3 {[%clk
01:20:59]} {[%emt 00:00:17]} Qc5 {[%clk 00:44:30]} {[%emt 00:01:45]} 31. Qf3
{[%clk 01:19:54]} {[%emt 00:01:27]} Qd4 {[%clk 00:40:43]} {[%emt 00:04:26]} 32.
c3 {[%clk 01:19:32]} {[%emt 00:00:52]} Qc5 {[%clk 00:39:31]} {[%emt 00:01:42]}
33. g4 {[%clk 01:18:54]} {[%emt 00:01:07]} Rae8 {[%clk 00:36:03]} {[%emt
00:03:59]} 34. Rd2 {[%clk 01:16:00]} {[%emt 00:03:22]} Rd8 {[%clk 00:34:25]}
{[%emt 00:02:09]} 35. Qh3 {[%clk 01:15:05]} {[%emt 00:01:20]} Kg7 {[%clk
00:34:19]} {[%emt 00:00:42]} 36. Rxd8 {[%clk 01:15:25]} {[%emt 00:00:10]} Rh7
{[%clk 00:29:05]} {[%emt 00:05:44]} 37. Rd2 {[%clk 01:14:20]} {[%emt 00:01:30]}
Qb6 {[%clk 00:27:37]} {[%emt 00:02:03]} 38. Kc2 {[%clk 01:14:18]} {[%emt
00:00:31]} c5 {[%clk 00:27:20]} {[%emt 00:00:48]} 39. Qh4 {[%clk 01:14:29]}
{[%emt 00:00:14]} Qc6 {[%clk 00:27:25]} {[%emt 00:00:30]} 40. Qf6+ {[%clk
01:14:48]} {[%emt 00:00:09]} 1-0

[Event "DVM U12 2023"]
[Site "Magdeburg GER"]
[Date "2023.12.27"]
[Round "2"]
[White "Volz, Alexander Sebastian"]
[Black "Müller, Stefan"]
[Result "1-0"]
[Termination "normal"]
[Board "7.4"]
[WhiteElo "1159"]
[BlackElo "1313"]
[WhiteClock "01:08:40"]
[BlackClock "00:49:09"]
[WhiteTeam "Karlsruher SF 1853"]
[BlackTeam "USG Chemnitz"]
[PlyCount "103"]
[WhiteFideId "34681760"]
[BlackFideId "34667270"]
[EventCountry "GER"]
[EventRounds "7"]
[EventType "team-swiss"]
[EventDate "2023.12.26"]

1. e4 {[%clk 01:30:48]} {[%emt 00:00:09]} e5 {[%clk 01:30:57]} {[%emt
00:00:04]} 2. d4 {[%clk 01:31:05]} {[%emt 00:00:13]} f6 {[%clk 01:30:39]}
{[%emt 00:00:48]} 3. dxe5 {[%clk 01:31:21]} {[%emt 00:00:14]} fxe5 {[%clk
01:30:58]} {[%emt 00:00:10]} 4. Qh5+ {[%clk 01:31:40]} {[%emt 00:00:11]} Ke7
{[%clk 01:30:26]} {[%emt 00:01:02]} 5. Qxe5+ {[%clk 01:31:14]} {[%emt
00:00:55]} Kf7 {[%clk 01:30:33]} {[%emt 00:00:22]} 6. Bc4+ {[%clk 01:30:22]}
{[%emt 00:01:23]} d5 {[%clk 01:29:11]} {[%emt 00:01:53]} 7. Bxd5+ {[%clk
01:29:30]} {[%emt 00:01:22]} Kg6 {[%clk 01:28:18]} {[%emt 00:01:23]} 8. Nh3
{[%clk 01:27:34]} {[%emt 00:02:26]} Qh4 {[%clk 01:23:04]} {[%emt 00:05:44]} 9.
Nf4+ {[%clk 01:25:55]} {[%emt 00:02:09]} Kh6 {[%clk 01:22:12]} {[%emt
00:01:23]} 10. Ne6+ {[%clk 01:26:02]} {[%emt 00:00:22]} g5 {[%clk 01:19:24]}
{[%emt 00:03:19]} 11. Bxg5+ {[%clk 01:23:39]} {[%emt 00:02:53]} Kg6 {[%clk
01:16:52]} {[%emt 00:03:00]} 12. Bxh4 {[%clk 01:23:01]} {[%emt 00:01:09]} Bh6
{[%clk 01:13:32]} {[%emt 00:03:50]} 13. Nf4+ {[%clk 01:23:18]} {[%emt
00:00:13]} Bxf4 {[%clk 01:13:31]} {[%emt 00:00:31]} 14. Qxf4 {[%clk 01:23:06]}
{[%emt 00:00:42]} h5 {[%clk 01:06:57]} {[%emt 00:07:04]} 15. Qf7+ {[%clk
01:20:43]} {[%emt 00:02:53]} Kh6 {[%clk 01:06:39]} {[%emt 00:00:48]} 16. Bf6
{[%clk 01:19:58]} {[%emt 00:01:15]} Nxf6 {[%clk 01:02:15]} {[%emt 00:04:53]}
17. Qxf6+ {[%clk 01:19:05]} {[%emt 00:01:24]} Kh7 {[%clk 01:02:12]} {[%emt
00:00:33]} 18. Bf7 {[%clk 01:19:18]} {[%emt 00:00:17]} Rg8 {[%clk 01:01:15]}
{[%emt 00:01:27]} 19. O-O {[%clk 01:19:10]} {[%emt 00:00:39]} Rg7 {[%clk
01:00:14]} {[%emt 00:01:31]} 20. Rd1 {[%clk 01:18:56]} {[%emt 00:00:45]} Nc6
{[%clk 01:00:03]} {[%emt 00:00:40]} 21. Rd5 {[%clk 01:18:55]} {[%emt 00:00:32]}
Bg4 {[%clk 00:59:47]} {[%emt 00:00:45]} 22. f3 {[%clk 01:18:58]} {[%emt
00:00:28]} Rf8 {[%clk 00:58:49]} {[%emt 00:01:27]} 23. fxg4 {[%clk 01:12:32]}
{[%emt 00:06:56]} Rfxf7 {[%clk 00:58:54]} {[%emt 00:00:24]} 24. Rxh5+ {[%clk
01:09:51]} {[%emt 00:03:12]} Kg8 {[%clk 00:58:59]} {[%emt 00:00:24]} 25. Qe6
{[%clk 01:08:49]} {[%emt 00:01:31]} Nd4 {[%clk 00:57:31]} {[%emt 00:01:58]} 26.
Qe8+ {[%clk 01:08:00]} {[%emt 00:01:18]} Rf8 {[%clk 00:57:36]} {[%emt
00:00:26]} 27. Rh8+ {[%clk 01:06:28]} {[%emt 00:02:02]} Kxh8 {[%clk 00:57:39]}
{[%emt 00:00:28]} 28. Qxf8+ {[%clk 01:06:51]} {[%emt 00:00:07]} Kh7 {[%clk
00:57:32]} {[%emt 00:00:37]} 29. Qc5 {[%clk 01:06:56]} {[%emt 00:00:25]} Ne6
{[%clk 00:56:46]} {[%emt 00:01:16]} 30. Qd5 {[%clk 01:05:40]} {[%emt 00:01:46]}
Nf4 {[%clk 00:55:44]} {[%emt 00:01:33]} 31. Qxb7 {[%emt 00:01:23]} Rf7 {[%clk
00:54:57]} {[%emt 00:01:03]} 32. Nc3 {[%clk 01:04:47]} {[%emt 00:00:44]} Rg7
{[%clk 00:54:27]} {[%emt 00:01:00]} 33. Rf1 {[%clk 01:04:53]} {[%emt 00:00:23]}
Ne6 {[%clk 00:54:36]} {[%emt 00:00:20]} 34. Qxa7 {[%clk 01:05:10]} {[%emt
00:00:14]} Rxg4 {[%clk 00:54:03]} {[%emt 00:01:04]} 35. Nd5 {[%clk 01:05:05]}
{[%emt 00:00:36]} Rg7 {[%clk 00:53:14]} {[%emt 00:01:18]} 36. Rf6 {[%clk
01:05:14]} {[%emt 00:00:21]} c6 {[%clk 00:52:46]} {[%emt 00:00:58]} 37. Rxe6
{[%clk 01:05:33]} {[%emt 00:00:11]} Rxa7 {[%clk 00:52:13]} {[%emt 00:01:02]}
38. Rxc6 {[%clk 01:05:07]} {[%emt 00:00:57]} Rxa2 {[%clk 00:51:51]} {[%emt
00:00:55]} 39. e5 {[%clk 01:05:32]} {[%emt 00:00:05]} Ra8 {[%clk 00:51:28]}
{[%emt 00:00:52]} 40. e6 {[%clk 01:05:53]} {[%emt 00:00:10]} Re8 {[%clk
00:51:24]} {[%emt 00:00:34]} 41. Nf6+ {[%clk 01:06:08]} {[%emt 00:00:16]} Kg7
{[%clk 00:51:24]} {[%emt 00:00:29]} 42. Nxe8+ {[%clk 01:06:25]} {[%emt
00:00:13]} Kf8 {[%clk 00:51:27]} {[%emt 00:00:27]} 43. Nd6 {[%clk 01:06:39]}
{[%emt 00:00:15]} Ke7 {[%clk 00:50:54]} {[%emt 00:01:04]} 44. Nf5+ {[%clk
01:06:38]} {[%emt 00:00:31]} Kf8 {[%clk 00:50:17]} {[%emt 00:01:06]} 45. e7+
{[%clk 01:07:02]} {[%emt 00:00:07]} Ke8 {[%clk 00:49:54]} {[%emt 00:00:52]} 46.
Rc8+ {[%clk 01:06:38]} {[%emt 00:00:54]} Kf7 {[%clk 00:49:52]} {[%emt
00:00:32]} 47. e8=Q+ {[%clk 01:06:50]} {[%emt 00:00:17]} Kf6 {[%clk 00:49:29]}
{[%emt 00:00:53]} 48. Qe7+ {[%clk 01:07:13]} {[%emt 00:00:07]} Kxf5 {[%clk
00:49:29]} {[%emt 00:00:30]} 49. Rf8+ {[%clk 01:07:33]} {[%emt 00:00:11]} Kg6
{[%clk 00:49:29]} {[%emt 00:00:30]} 50. Qe5 {[%clk 01:07:53]} {[%emt 00:00:09]}
Kh6 {[%clk 00:49:05]} {[%emt 00:00:54]} 51. Rf6+ {[%clk 01:08:16]} {[%emt
00:00:08]} Kg7 {[%clk 00:49:09]} {[%emt 00:00:25]} 52. Qe7+ {[%clk 01:08:40]}
{[%emt 00:00:06]} 1-0

[Event "DVM U12 2023"]
[Site "Magdeburg GER"]
[Date "2023.12.27"]
[Round "2"]
[White "Vlach, Ludwig"]
[Black "Mandalka, Justus"]
[Result "1/2-1/2"]
[Termination "normal"]
[Board "8.1"]
[WhiteElo "1363"]
[BlackElo "1775"]
[WhiteClock "00:41:38"]
[BlackClock "00:24:02"]
[WhiteTeam "SG Trier 1877"]
[BlackTeam "SK Bad Homburg 1927"]
[PlyCount "137"]
[WhiteFideId "4007344"]
[BlackFideId "16298144"]
[EventCountry "GER"]
[EventRounds "7"]
[EventType "team-swiss"]
[EventDate "2023.12.26"]

1. e4 {[%clk 01:30:59]} {[%emt 00:00:01]} c5 {[%clk 01:30:55]} {[%emt
00:00:05]} 2. Nf3 {[%clk 01:31:09]} {[%emt 00:00:19]} Nc6 {[%clk 01:30:39]}
{[%emt 00:00:46]} 3. d4 {[%clk 01:30:52]} {[%emt 00:00:47]} cxd4 {[%clk
01:31:05]} {[%emt 00:00:05]} 4. Nxd4 {[%clk 01:31:13]} {[%emt 00:00:09]} g6
{[%clk 01:31:31]} {[%emt 00:00:04]} 5. Nc3 {[%clk 01:31:27]} {[%emt 00:00:17]}
Bg7 {[%clk 01:31:56]} {[%emt 00:00:04]} 6. Be3 {[%clk 01:31:47]} {[%emt
00:00:10]} Nf6 {[%clk 01:32:16]} {[%emt 00:00:10]} 7. f3 {[%clk 01:32:07]}
{[%emt 00:00:10]} O-O {[%clk 01:32:35]} {[%emt 00:00:11]} 8. Bc4 {[%clk
01:32:16]} {[%emt 00:00:22]} d6 {[%clk 01:32:24]} {[%emt 00:00:41]} 9. Bb3
{[%clk 01:32:02]} {[%emt 00:00:43]} Bd7 {[%clk 01:31:18]} {[%emt 00:01:36]} 10.
Qd2 {[%clk 01:32:10]} {[%emt 00:00:22]} Ne5 {[%clk 01:30:26]} {[%emt 00:01:22]}
11. g4 {[%clk 01:29:49]} {[%emt 00:02:51]} Qa5 {[%clk 01:29:47]} {[%emt
00:01:08]} 12. h4 {[%clk 01:27:51]} {[%emt 00:02:29]} Rfc8 {[%clk 01:28:34]}
{[%emt 00:01:43]} 13. h5 {[%clk 01:25:17]} {[%emt 00:03:04]} Rxc3 {[%clk
01:28:39]} {[%emt 00:00:25]} 14. Qxc3 {[%clk 01:07:57]} {[%emt 00:17:49]} Qxc3+
{[%clk 01:28:58]} {[%emt 00:00:12]} 15. bxc3 {[%clk 01:08:16]} {[%emt
00:00:11]} Nxf3+ {[%clk 01:29:12]} {[%emt 00:00:15]} 16. Nxf3 {[%clk 01:05:41]}
{[%emt 00:03:05]} Nxe4 {[%clk 01:29:35]} {[%emt 00:00:06]} 17. Bd4 {[%clk
01:04:27]} {[%emt 00:01:44]} e5 {[%clk 01:24:59]} {[%emt 00:05:07]} 18. Be3
{[%clk 01:03:05]} {[%emt 00:01:51]} Bxg4 {[%clk 01:24:45]} {[%emt 00:00:44]}
19. Ng5 {[%clk 00:59:57]} {[%emt 00:03:38]} Nxg5 {[%clk 01:23:53]} {[%emt
00:01:21]} 20. Bxg5 {[%clk 00:59:05]} {[%emt 00:01:22]} e4 {[%clk 01:21:47]}
{[%emt 00:02:37]} 21. hxg6 {[%clk 00:58:46]} {[%emt 00:00:50]} Bxc3+ {[%clk
01:20:05]} {[%emt 00:02:12]} 22. Kf2 {[%clk 00:56:24]} {[%emt 00:02:50]} hxg6
{[%clk 01:16:17]} {[%emt 00:04:18]} 23. Raf1 {[%clk 00:52:19]} {[%emt
00:04:36]} Bf3 {[%clk 01:14:53]} {[%emt 00:01:54]} 24. Rh4 {[%clk 00:46:30]}
{[%emt 00:06:19]} Bd4+ {[%clk 00:59:58]} {[%emt 00:15:26]} 25. Be3 {[%clk
00:44:35]} {[%emt 00:02:25]} Bf6 {[%clk 00:58:47]} {[%emt 00:01:41]} 26. Rf4
{[%clk 00:44:03]} {[%emt 00:01:02]} Kg7 {[%clk 00:59:03]} {[%emt 00:00:14]} 27.
Bxf7 {[%clk 00:41:26]} {[%emt 00:03:07]} Be5 {[%clk 00:58:03]} {[%emt
00:01:30]} 28. Bd5 {[%clk 00:38:45]} {[%emt 00:03:12]} Bxf4 {[%clk 00:57:50]}
{[%emt 00:00:42]} 29. Bxf4 {[%clk 00:38:25]} {[%emt 00:00:50]} Kf6 {[%clk
00:52:27]} {[%emt 00:05:53]} 30. Ke3 {[%clk 00:37:48]} {[%emt 00:01:07]} g5
{[%clk 00:49:21]} {[%emt 00:03:36]} 31. Bg3 {[%clk 00:37:51]} {[%emt 00:00:24]}
g4 {[%clk 00:49:33]} {[%emt 00:00:21]} 32. Bxe4 {[%clk 00:38:05]} {[%emt
00:00:16]} Re8 {[%clk 00:49:57]} {[%emt 00:00:05]} 33. Kd3 {[%clk 00:36:42]}
{[%emt 00:01:54]} Kg5 {[%clk 00:46:41]} {[%emt 00:03:46]} 34. Bxf3 {[%clk
00:34:55]} {[%emt 00:02:16]} gxf3 {[%clk 00:47:06]} {[%emt 00:00:06]} 35. Rg1
{[%clk 00:29:10]} {[%emt 00:06:15]} Kf5 {[%clk 00:46:36]} {[%emt 00:01:00]} 36.
Rf1 {[%clk 00:28:07]} {[%emt 00:01:33]} Kg4 {[%clk 00:46:51]} {[%emt 00:00:15]}
37. Bf2 {[%clk 00:26:35]} {[%emt 00:02:02]} b6 {[%clk 00:46:05]} {[%emt
00:01:16]} 38. Rg1+ {[%clk 00:25:03]} {[%emt 00:02:02]} Kf4 {[%clk 00:45:26]}
{[%emt 00:01:09]} 39. Bg3+ {[%emt 00:02:55]} Kf5 {[%clk 00:43:51]} {[%emt
00:02:03]} 40. Re1 {[%clk 00:22:07]} {[%emt 00:01:03]} Rg8 {[%clk 00:42:30]}
{[%emt 00:01:51]} 41. Bf2 {[%clk 00:18:40]} {[%emt 00:03:57]} Rg7 {[%clk
00:37:29]} {[%emt 00:05:32]} 42. Ke3 {[%clk 00:16:12]} {[%emt 00:02:58]} Rc7
{[%clk 00:36:11]} {[%emt 00:01:48]} 43. Kd3 {[%clk 00:14:50]} {[%emt 00:01:53]}
Rh7 {[%clk 00:33:15]} {[%emt 00:03:26]} 44. Re8 {[%clk 00:13:56]} {[%emt
00:01:25]} Kg4 {[%clk 00:21:39]} {[%emt 00:12:06]} 45. Ke3 {[%clk 00:13:11]}
{[%emt 00:01:14]} Rc7 {[%clk 00:20:16]} {[%emt 00:01:52]} 46. Kd3 {[%clk
00:13:22]} {[%emt 00:00:19]} Rh7 {[%clk 00:20:13]} {[%emt 00:00:33]} 47. Rc8
{[%clk 00:13:35]} {[%emt 00:00:18]} Re7 {[%clk 00:18:46]} {[%emt 00:01:58]} 48.
Rg8+ {[%clk 00:13:18]} {[%emt 00:00:46]} Kf4 {[%clk 00:18:56]} {[%emt
00:00:19]} 49. Rf8+ {[%clk 00:12:55]} {[%emt 00:00:55]} Kg4 {[%clk 00:19:14]}
{[%emt 00:00:12]} 50. Rh8 {[%clk 00:13:08]} {[%emt 00:00:16]} Kf4 {[%clk
00:13:56]} {[%emt 00:05:48]} 51. Rh4+ {[%clk 00:12:51]} {[%emt 00:00:47]} Kg5
{[%clk 00:11:13]} {[%emt 00:03:13]} 52. Rh1 {[%clk 00:12:54]} {[%emt 00:00:27]}
Kf4 {[%clk 00:09:57]} {[%emt 00:01:45]} 53. Re1 {[%clk 00:12:44]} {[%emt
00:00:41]} Rh7 {[%clk 00:02:12]} {[%emt 00:08:16]} 54. Re4+ {[%clk 00:12:55]}
{[%emt 00:00:19]} Kf5 {[%clk 00:02:20]} {[%emt 00:00:21]} 55. Ke3 {[%clk
00:13:17]} {[%emt 00:00:08]} Rc7 {[%clk 00:02:25]} {[%emt 00:00:24]} 56. c4
{[%clk 00:13:38]} {[%emt 00:00:10]} d5 {[%clk 00:21:08]} {[%emt 00:11:47]} 57.
Rf4+ {[%clk 00:40:26]} {[%emt 00:03:41]} Ke6 {[%clk 00:21:12]} {[%emt
00:00:27]} 58. cxd5+ {[%clk 00:40:22]} {[%emt 00:00:35]} Kxd5 {[%clk 00:21:37]}
{[%emt 00:00:04]} 59. Rd4+ {[%clk 00:40:28]} {[%emt 00:00:24]} Ke6 {[%clk
00:22:01]} {[%emt 00:00:06]} 60. Re4+ {[%clk 00:40:18]} {[%emt 00:00:40]} Kd5
{[%clk 00:22:16]} {[%emt 00:00:15]} 61. Kxf3 {[%clk 00:40:25]} {[%emt
00:00:23]} Rf7+ {[%clk 00:22:00]} {[%emt 00:00:46]} 62. Rf4 {[%clk 00:40:09]}
{[%emt 00:00:46]} Rxf4+ {[%clk 00:22:24]} {[%emt 00:00:06]} 63. Kxf4 {[%clk
00:40:17]} {[%emt 00:00:22]} Kc4 {[%clk 00:22:48]} {[%emt 00:00:07]} 64. Be1
{[%clk 00:40:42]} {[%emt 00:00:05]} Kb5 {[%clk 00:23:04]} {[%emt 00:00:13]} 65.
a3 {[%clk 00:40:49]} {[%emt 00:00:24]} a5 {[%clk 00:23:32]} {[%emt 00:00:02]}
66. Ke3 {[%clk 00:41:12]} {[%emt 00:00:07]} Ka4 {[%clk 00:23:59]} {[%emt
00:00:03]} 67. Kd3 {[%clk 00:41:24]} {[%emt 00:00:17]} Kxa3 {[%clk 00:24:21]}
{[%emt 00:00:09]} 68. Kc2 {[%clk 00:41:40]} {[%emt 00:00:14]} a4 {[%clk
00:24:02]} {[%emt 00:00:49]} 69. Bf2 {[%clk 00:41:38]} {[%emt 00:00:31]}
1/2-1/2